000 00907nam a2200229 a 4500
001 000026278
005 20210326154637.0
008 110308s1995 dr 000 0 spa d
040 _aDO-SdBNP
_bspa
_cBNPHU
082 _a282.097293
_bP762s
100 _aPolanco Brito, Hugo E.
_97924
245 1 0 _aSíntesis de la historia de la iglesia en Santo Domingo /
_cHugo E. Polanco Brito ; cuidado de edición Rafael Peguero.
260 _aSanto Domingo :
_bAmigo del hogar,
_c1995.
_g(reimpresión, 2012)
300 _a80 p. ;
_c22 cm.
500 _aLa biblioteca posee la reimpresión del 2012.
504 _aIncluye referencias bibliográficas y notas al pie de las páginas
590 _aInventariado, 2018/VM
650 4 _aIglésia católica
_xHistoria
_94242
651 4 _aRepública Dominicana
_xHistoria Eclesiástica
_91736
700 1 2 _aPeguero, Rafael,
_eed.
_953305
910 _aInventariado, 2018/MFF
999 _c25770
_d25770